[Event "Budapest Vezerkepzo IM 04"]
[Site "Budapest"]
[Date "2025.04.25"]
[Round "5"]
[White "Kavin, Vijayakumar"]
[Black "Lad, Mandar Pradip"]
[Result "1-0"]
[WhiteElo "2009"]
[BlackElo "2375"]
[PlyCount "77"]
[EventDate "2025.04.22"]
[EventType "tourn"]
[EventRounds "9"]
[EventCountry "HUN"]
[SourceTitle "CB20_2025"]
[SourceDate "2025.05.14"]
[SourceVersion "1"]
[SourceVersionDate "2025.05.14"]
[SourceQuality "1"]

1. c4 e5 2. g3 Nf6 3. Bg2 d5 4. cxd5 Nxd5 5. Nc3 Ne7 6. Nf3 Nbc6 7. b4 a6 8. Bb2 g6 9. a4 Bg7 10. b5 Nd4 11. 0-0 0-0 12. Nxd4 exd4 13. Ne4 axb5 14. axb5 Rxa1 15. Qxa1 b6 16. Rc1 h6 17. d3 Bg4 18. Kf1 Qd7 19. Qa4 Re8 20. Qc4 Rc8 21. Nd2 Nf5 22. Bc6 Qe7 23. Ne4 Kh7 24. Qb3 h5 25. Ba3 Nd6 26. h4 Bh6 27. Rc2 f5 28. Nxd6 cxd6 29. Qd5 Rd8 30. Qxd4 f4 31. Qe4 Qa7 32. Bc1 fxg3 33. Bxh6 Bh3+ 34. Kg1 Kxh6 35. Qe3+ Kh7 36. Qxg3 Qa4 37. Be4 Bg4 38. Rc7+ Kg8 39. Qf4 1-0

[Event "Budapest Vezerkepzo IM 04"]
[Site "Budapest"]
[Date "2025.04.23"]
[Round "2"]
[White "Szikszai, Bertalan"]
[Black "Kavin, Vijayakumar"]
[Result "1-0"]
[WhiteElo "2312"]
[BlackElo "2009"]
[PlyCount "125"]
[EventDate "2025.04.22"]
[EventType "tourn"]
[EventRounds "9"]
[EventCountry "HUN"]
[SourceTitle "CB20_2025"]
[SourceDate "2025.05.14"]
[SourceVersion "1"]
[SourceVersionDate "2025.05.14"]
[SourceQuality "1"]

1. e4 e5 2. Nf3 Nc6 3. Bc4 Bc5 4. d3 Nf6 5. 0-0 d6 6. c3 h6 7. Nbd2 0-0 8. Re1 Bb6 9. Nf1 Be6 10. Bxe6 fxe6 11. h3 Nh5 12. a4 a5 13. Be3 Bxe3 14. Rxe3 Nf4 15. Kh2 g5 16. g3 Ng6 17. Kg2 Qf6 18. N1h2 b6 19. Qb3 Nd8 20. Qc4 Qe7 21. d4 Nf7 22. Rd1 Kh7 23. Qe2 h5 24. Nd2 Kh6 25. Rf3 Rg8 26. Nc4 Raf8 27. Kh1 exd4 28. cxd4 d5 29. exd5 exd5 30. Ne3 Nd6 31. Re1 Rxf3 32. Qxf3 Qf7 33. Nxd5 Rf8 34. Qxf7 Rxf7 35. Kg2 Nc4 36. Re2 Rd7 37. Ne3 Nd6 38. Nf3 Re7 39. Rc2 Rd7 40. Ne5 Rg7 41. Kf3 Nf8 42. d5 Re7 43. Nc6 Rf7+ 44. Kg2 Rd7 45. Nb8 Rf7 46. Na6 Ne8 47. Rc6+ Kh7 48. Nc4 Rd7 49. d6 Nxd6 50. Nxc7 Nxc4 51. Rxc4 Rd2 52. b4 axb4 53. Rxb4 Nd7 54. Ne6 Rd5 55. Rc4 Kg6 56. h4 Nc5 57. Nxg5 Kf5 58. Rb4 Nd7 59. Nf3 Ra5 60. Nd4+ Kg6 61. Ne2 Kh6 62. Rd4 Ra7 63. Nf4 1-0

[Event "Budapest Vezerkepzo Easter IM"]
[Site "Budapest"]
[Date "2025.04.14"]
[Round "1"]
[White "Chubakov, Sultan"]
[Black "Kavin, Vijayakumar"]
[Result "1-0"]
[WhiteElo "2230"]
[BlackElo "2009"]
[PlyCount "83"]
[EventDate "2025.04.14"]
[EventType "tourn"]
[EventRounds "9"]
[EventCountry "HUN"]
[SourceTitle "CB17_2025"]
[SourceDate "2025.04.23"]
[SourceVersion "1"]
[SourceVersionDate "2025.04.23"]
[SourceQuality "1"]

1. d4 Nf6 2. c4 g6 3. Nc3 d5 4. Bf4 Bg7 5. e3 c5 6. dxc5 Qa5 7. Rc1 Ne4 8. cxd5 Nxc3 9. Qd2 Qxa2 10. bxc3 Qxd2+ 11. Kxd2 Nd7 12. Bb5 0-0 13. Bxd7 Bxd7 14. e4 Rfc8 15. Be3 e6 16. Ne2 exd5 17. exd5 Bf8 18. Rb1 b6 19. c6 Bf5 20. Rb5 Be4 21. f3 a6 22. fxe4 axb5 23. Rb1 Rd8 24. Kd3 b4 25. cxb4 f5 26. Nc3 fxe4+ 27. Kc4 Bd6 28. Re1 Rab8 29. g3 b5+ 30. Nxb5 Rxb5 31. Kxb5 Rb8+ 32. Ka6 Ra8+ 33. Ba7 Bxb4 34. Rb1 Bd6 35. Kb7 Rd8 36. Re1 Re8 37. c7 Bxc7 38. Kxc7 Re7+ 39. Kb8 Rd7 40. Rd1 Kf7 41. Be3 Ke8 42. Rd4 1-0

[Event "Udaipur Kingdom of Chess op 1st"]
[Site "Udaipur"]
[Date "2024.10.26"]
[Round "8"]
[White "Kavin, Vijayakumar"]
[Black "Audi, Ameya"]
[Result "1/2-1/2"]
[WhiteElo "1893"]
[BlackElo "2413"]
[PlyCount "79"]
[EventDate "2024.10.23"]
[EventType "swiss"]
[EventRounds "9"]
[EventCountry "IND"]
[SourceTitle "CB44_2024"]
[Source "Chessbase"]
[SourceDate "2024.10.30"]
[SourceVersion "1"]
[SourceVersionDate "2024.10.30"]
[SourceQuality "1"]

1. c4 Nf6 2. Nc3 g6 3. e4 d6 4. d4 Bg7 5. Nge2 0-0 6. Ng3 c5 7. d5 e6 8. Be2 exd5 9. cxd5 a6 10. a4 h5 11. 0-0 Qe8 12. Bf4 h4 13. Nh1 Qe7 14. h3 Nh7 15. Re1 Nd7 16. Bf1 Re8 17. Qd2 Ne5 18. a5 Bd7 19. Na4 g5 20. Bh2 Bxa4 21. Rxa4 Rac8 22. f3 f5 23. Nf2 f4 24. Ng4 Nf8 25. Nxe5 Qxe5 26. b3 Nd7 27. Rc1 Qe7 28. Kh1 Ne5 29. Bg1 Rc7 30. Ra2 Rb8 31. Rac2 Rbc8 32. Bc4 Bf6 33. b4 cxb4 34. Qxb4 Qd7 35. Bb6 Rxc4 36. Rxc4 Nxc4 37. Rxc4 Be5 38. Bd4 Bxd4 39. Rxc8+ Qxc8 40. Qxd4 1/2-1/2

[Event "Budapest FS03 FM-2"]
[Site "Budapest"]
[Date "2024.03.17"]
[Round "4"]
[White "Kis, Bela"]
[Black "Kavin, Vijayakumar"]
[Result "0-1"]
[WhiteElo "1926"]
[BlackElo "1798"]
[PlyCount "64"]
[EventDate "2024.03.14"]
[EventType "tourn"]
[EventRounds "9"]
[EventCountry "HUN"]
[SourceTitle "CBM 219 Extra"]
[Source "ChessBase"]
[SourceDate "2024.05.31"]
[SourceVersion "1"]
[SourceVersionDate "2024.05.31"]
[SourceQuality "1"]

1. d4 Nf6 2. c4 g6 3. Nc3 d5 4. Nf3 Bg7 5. e3 0-0 6. Bd2 a6 7. Rc1 dxc4 8. Bxc4 b5 9. Bb3 Bb7 10. Qe2 Nbd7 11. 0-0 c5 12. Rfd1 Qb6 13. Be1 cxd4 14. exd4 Rfe8 15. Ne5 e6 16. a4 b4 17. a5 Qxa5 18. Na2 Nxe5 19. dxe5 Nd5 20. Bxd5 exd5 21. Nxb4 Rxe5 22. Nc6 Rxe2 23. Nxa5 Rxb2 24. Nxb7 Rxb7 25. Rxd5 Rb5 26. Rd7 a5 27. Rcc7 Rb1 28. Kf1 Re8 29. Re7 Rxe7 30. Rxe7 Bc3 31. Re3 Bb4 32. f3 a4 0-1

[Event "Budapest FS03 FM-2"]
[Site "Budapest"]
[Date "2024.03.16"]
[Round "3"]
[White "Kavin, Vijayakumar"]
[Black "Ladanyi, Tibor"]
[Result "1/2-1/2"]
[WhiteElo "1798"]
[BlackElo "1953"]
[PlyCount "60"]
[EventDate "2024.03.14"]
[EventType "tourn"]
[EventRounds "9"]
[EventCountry "HUN"]
[SourceTitle "CBM 219 Extra"]
[Source "ChessBase"]
[SourceDate "2024.05.31"]
[SourceVersion "1"]
[SourceVersionDate "2024.05.31"]
[SourceQuality "1"]

1. b3 c5 2. Bb2 Nc6 3. Nf3 d6 4. c4 e5 5. d3 g6 6. g3 Bg7 7. Bg2 Nge7 8. Nc3 0-0 9. 0-0 f5 10. Ne1 f4 11. Nd5 g5 12. Nc2 Ng6 13. e3 f3 14. Bxf3 e4 15. Bxg7 Rxf3 16. Bb2 Nce5 17. d4 Nd3 18. Bc3 Bh3 19. Ne1 Nxe1 20. Rxe1 Qf8 21. Qd2 Qf7 22. dxc5 dxc5 23. Rac1 Rf8 24. Rc2 Qf5 25. Nc7 Rxg3+ 26. hxg3 Qf3 27. Qd5+ Rf7 28. Qd8+ Rf8 29. Qd5+ Rf7 30. Qd8+ Rf8 1/2-1/2

[Event "Budapest FS03 FM"]
[Site "Budapest"]
[Date "2024.03.08"]
[Round "6"]
[White "Kavin, Vijayakumar"]
[Black "Hradeczky, Tamas"]
[Result "0-1"]
[WhiteElo "1798"]
[BlackElo "1878"]
[PlyCount "50"]
[EventDate "2024.03.02"]
[EventType "swiss"]
[EventRounds "9"]
[EventCountry "HUN"]
[SourceTitle "CBM 219 Extra"]
[Source "ChessBase"]
[SourceDate "2024.05.31"]
[SourceVersion "1"]
[SourceVersionDate "2024.05.31"]
[SourceQuality "1"]

1. c4 Nf6 2. Nc3 e6 3. d4 Bb4 4. Bd2 b6 5. Nf3 Bb7 6. e3 0-0 7. Bd3 d6 8. 0-0 Nbd7 9. a3 Bxc3 10. Bxc3 Ne4 11. Nd2 Nxc3 12. bxc3 c5 13. f4 Qe7 14. Qc2 g6 15. Be4 d5 16. Bf3 Nf6 17. a4 dxc4 18. Bxb7 Qxb7 19. dxc5 Rac8 20. cxb6 Qxb6 21. Rf3 Rfd8 22. a5 Qc5 23. f5 Rd3 24. fxg6 hxg6 25. h3 Nd5 0-1

[Event "Budapest FS03 FM"]
[Site "Budapest"]
[Date "2024.03.04"]
[Round "2"]
[White "Nagy, Peter"]
[Black "Kavin, Vijayakumar"]
[Result "0-1"]
[WhiteElo "1687"]
[BlackElo "1798"]
[PlyCount "54"]
[EventDate "2024.03.02"]
[EventType "swiss"]
[EventRounds "9"]
[EventCountry "HUN"]
[SourceTitle "CBM 219 Extra"]
[Source "ChessBase"]
[SourceDate "2024.05.31"]
[SourceVersion "1"]
[SourceVersionDate "2024.05.31"]
[SourceQuality "1"]

1. d4 Nf6 2. c4 g6 3. Nc3 d5 4. cxd5 Nxd5 5. Nf3 Bg7 6. e3 0-0 7. Qb3 Nxc3 8. bxc3 c5 9. Bc4 Nc6 10. Qb5 cxd4 11. cxd4 a6 12. Qb1 b5 13. Bd3 Bg4 14. Nd2 e5 15. Be4 exd4 16. Bxc6 dxe3 17. 0-0 exd2 18. Ba3 d1Q 19. Rxd1 Qxd1+ 20. Qxd1 Bxd1 21. Rxd1 Rfd8 22. Re1 Rac8 23. Be7 Rd2 24. h3 Rxc6 25. Bg5 Rdc2 26. Re8+ Bf8 27. Bh6 Rc8 0-1

[Event "Mumbai Accurate op"]
[Site "Mumbai"]
[Date "2023.10.04"]
[Round "6"]
[White "Kavin, Vijayakumar"]
[Black "Bartakke, Amardeep S"]
[Result "0-1"]
[WhiteElo "1416"]
[BlackElo "1965"]
[PlyCount "90"]
[EventDate "2023.09.29"]
[EventType "swiss"]
[EventRounds "7"]
[EventCountry "IND"]
[SourceTitle "CBM 216 Extra"]
[Source "ChessBase"]
[SourceDate "2023.11.30"]
[SourceVersion "1"]
[SourceVersionDate "2023.11.30"]
[SourceQuality "1"]

1. c4 e5 2. g3 Nc6 3. Bg2 d6 4. Nc3 Be6 5. b3 Qd7 6. e3 Nge7 7. Nge2 g6 8. d4 Bh3 9. 0-0 Bg7 10. d5 Nd8 11. e4 h5 12. f3 f6 13. Qd3 Nf7 14. Be3 Bh6 15. Bxh6 Rxh6 16. f4 h4 17. f5 Bxg2 18. Kxg2 hxg3 19. Nxg3 0-0-0 20. Kh1 Rdh8 21. Rf2 Ng5 22. Nce2 gxf5 23. exf5 Rh3 24. Ng1 Rxg3 25. Qxg3 Ne4 26. Qg2 Nxf2+ 27. Qxf2 Qxf5 28. Qxf5+ Nxf5 29. Ne2 Ne3 30. Rg1 f5 31. Rg3 f4 32. Rf3 b5 33. Nxf4 exf4 34. Rxf4 bxc4 35. bxc4 Kb7 36. Kg1 Rg8+ 37. Kf2 Ng4+ 38. Kg3 Ne5+ 39. Kh3 Kb6 40. Rf6 Kc5 41. Kh4 Kxc4 42. Kh5 Rh8+ 43. Rh6 Rxh6+ 44. Kxh6 Ng4+ 45. Kg7 Nxh2 0-1

[Event "Mumbai Accurate op"]
[Site "Mumbai"]
[Date "2023.10.02"]
[Round "4"]
[White "Kavin, Vijayakumar"]
[Black "Jagesia, Daksh"]
[Result "1-0"]
[WhiteElo "1416"]
[BlackElo "1560"]
[PlyCount "69"]
[EventDate "2023.09.29"]
[EventType "swiss"]
[EventRounds "7"]
[EventCountry "IND"]
[SourceTitle "CBM 216 Extra"]
[Source "ChessBase"]
[SourceDate "2023.11.30"]
[SourceVersion "1"]
[SourceVersionDate "2023.11.30"]
[SourceQuality "1"]

1. c4 e5 2. g3 Nf6 3. Bg2 c6 4. Nc3 d5 5. cxd5 cxd5 6. Qb3 Be6 7. Qxb7 Nbd7 8. Nb5 Rb8 9. Nc7+ Ke7 10. Qxa7 Qc8 11. b3 Kd8 12. Nxe6+ fxe6 13. Qa5+ Ke8 14. Qc3 Qb7 15. Nf3 Rc8 16. Qb2 Bc5 17. 0-0 Qb6 18. e3 Bd6 19. d4 e4 20. Ng5 Ke7 21. Bd2 h6 22. Nh3 g5 23. Rfc1 Ra8 24. a3 Rhb8 25. b4 Qb7 26. Rc2 Nb6 27. Bf1 Nfd7 28. Qb3 Rc8 29. Rxc8 Nxc8 30. a4 Na7 31. b5 Rb8 32. Bb4 Qb6 33. a5 Qb7 34. Bxd6+ Kxd6 35. Qa3+ 1-0

[Event "Wch U12"]
[Site "Batumi"]
[Date "2022.09.18"]
[Round "3"]
[White "Kavin, Vijayakumar"]
[Black "Cumacenko, Joris"]
[Result "1-0"]
[WhiteElo "1374"]
[BlackElo "1145"]
[PlyCount "71"]
[EventDate "2022.09.16"]
[EventType "swiss"]
[EventRounds "11"]
[EventCountry "GEO"]
[SourceTitle "EXT 2023"]
[Source "ChessBase"]
[SourceDate "2022.10.05"]
[SourceVersion "1"]
[SourceVersionDate "2022.10.05"]
[SourceQuality "1"]

1. c4 e6 2. Nc3 Nf6 3. Nf3 d5 4. cxd5 Nxd5 5. e4 Nxc3 6. bxc3 c5 7. d4 cxd4 8. cxd4 Nc6 9. Bd3 Bb4+ 10. Bd2 Bxd2+ 11. Qxd2 0-0 12. Qc3 Qc7 13. 0-0 Rd8 14. Rfd1 Qf4 15. Rac1 Bd7 16. Qb2 b6 17. Rc2 Ne7 18. Qa3 Ng6 19. h3 e5 20. Bc4 Qxe4 21. Qb3 Rf8 22. Bd5 Qf5 23. Bxa8 Rxa8 24. Nxe5 Nxe5 25. dxe5 Be6 26. Rcd2 Qg5 27. Qg3 Qe7 28. Qf3 Re8 29. a4 Bc8 30. Qc6 Kf8 31. Qd6 Qxd6 32. exd6 Rd8 33. d7 Bb7 34. Rc1 Ke7 35. Rc7 Ba6 36. Rxa7 1-0